A classical dictionary of India : (Record no. 74220)

MARC details
000 -LEADER
fixed length control field 00838nam a22002177a 4500
005 - DATE AND TIME OF LATEST TRANSACTION
control field 20190307121711.0
010 ## - LCCN (DPL NO)
LC control number B-497828-829 ENG-110420
020 ## - INTERNATIONAL STANDARD BOOK NUMBER
International Standard Book Number 9788192083605
Terms of availability 495.00
035 ## - SYSTEM CONTROL NUMBER
System control number B-497828-829
035 ## - SYSTEM CONTROL NUMBER
System control number EN-93952
037 ## - SOURCE OF ACQUISITION
Source of stock number/acquisition Star Pub/Ven
037 ## - SOURCE OF ACQUISITION
Source of stock number/acquisition DBAD/PUB
082 ## - DEWEY DECIMAL CLASSIFICATION NUMBER
Classification number 954.01003
100 ## - MAIN ENTRY--PERSONAL NAME
Personal name Dowson, John
245 ## - TITLE STATEMENT
Title A classical dictionary of India :
Remainder of title geography, history, literature, Sanskrit, religion and mythology /
Statement of responsibility, etc by John Dowson
260 ## - PUBLICATION, DISTRIBUTION, ETC. (IMPRINT)
Place of publication, distribution, etc Jaipur
Name of publisher, distributor, etc Sankalp Prakashan
Date of publication, distribution, etc 2011
270 ## - ADDRESS
Address Badayon ka Chowk, Govindrao Ji ka Rasta Chandpole Bazar
City Jaipur
Postal code 302001
300 ## - PHYSICAL DESCRIPTION
Extent xviii, 411p.
Dimensions 22cm(pbk)
942 ## - ADDED ENTRY ELEMENTS (KOHA)
Source of classification or shelving scheme Dewey Decimal Classification
Item type English Books
Call number suffix DOW
Classification part 954.01003
Holdings
Withdrawn status Lost status Not for loan Collection code Home library Current library Date acquired Source of acquisition Cost, normal purchase price Full call number Barcode Copy number Cost, replacement price Koha item type
      Non-fiction Central Library Central Library 07/06/2013 Star Publications/2449/14.3.2013/179/08.03.2013/15.03.2013 495.00 954.01003 DOW B-497828 1 495.00 English Books
    Not For Loan Non-fiction D.B.Act.Division D.B.Act.Division 07/07/2014 DBAD/PUB 495.00 954.01003 DOW EN-93952 1 495.00 English Books
      Non-fiction Shahdara Branch Shahdara Branch 07/06/2013 Star Publications/2449/14.3.2013/179/08.03.2013/15.03.2013 495.00 954.01003 DOW B-497829 1 495.00 English Books

© Delhi Public Library
Hit Counter
free hit counter